Letter from the Secretary of War, transmitting the information required by a resolution of the House of Representatives of the United States of the 29th ultimo, in relation to the expenditures at the Military Academy at West Point from its organization in 1802 to the present time.

Bibliographic Details
Corporate Authors: United States. War Department, ProQuest (Firm)
Format: eBook
Language:English
Published: Washington : [publisher not identified], 1828.
Series:United States congressional serial set.
Subjects:
Online Access:Connect to the full text of this electronic book

MARC

Tag First Indicator Second Indicator Subfields
LEADER 00000cam a22000001a 4500
001 in00002842549
005 20190331184016.0
006 m o d
007 cr un mmmapmmp
008 081224s1828 dcud o f000 0 eng d
035 |a cis2004305764 
040 |a UMI  |c UMI  |d UtOrBLW 
043 |a n-us--- 
099 |a ProQuest Serial Set Number 173 H.doc.194 
110 1 |a United States.  |b War Department. 
245 1 0 |a Letter from the Secretary of War, transmitting the information required by a resolution of the House of Representatives of the United States of the 29th ultimo, in relation to the expenditures at the Military Academy at West Point from its organization in 1802 to the present time. 
246 1 |a Expenditures at Military Academy West Point, from founding to present time 
264 1 |a Washington :  |b [publisher not identified],  |c 1828. 
300 |a 1 online resource. 
336 |a text  |b txt  |2 rdacontent 
337 |a computer  |b c  |2 rdamedia 
338 |a online resource  |b cr  |2 rdacarrier 
490 0 |a H.doc.194 
500 |a Record is based on bibliographic data in ProQuest U.S. Serial Set Digital Collection (last viewed Dec. 2008). Reuse except for individual research requires license from ProQuest, LLC. 
510 3 |a ProQuest U.S. Serial Set Digital Collection 
500 |a Electronic resource. 
610 2 0 |a United States Military Academy. 
650 0 |a Defense spending. 
655 7 |a Electronic books.  |2 local 
710 2 |a ProQuest (Firm) 
830 0 |a United States congressional serial set. 
856 4 0 |u http://proxy.library.tamu.edu/login?url=http://congressional.proquest.com/congcomp/getdoc?SERIAL-SET-ID=173+H.doc.194  |z Connect to the full text of this electronic book  |t 0 
999 |a MARS 
999 f f |s 4b595d67-8e93-37ef-84ab-e2e75d800762  |i 9c0147aa-4746-32a2-8988-fb7d1d6cc440  |t 0 
952 f f |a Texas A&M University  |b College Station  |c Electronic Resources  |d Available Online  |t 0  |e ProQuest Serial Set Number 173 H.doc.194  |h Other scheme 
998 f f |a ProQuest Serial Set Number 173 H.doc.194  |t 0  |l Available Online